Diccionario de formularios generales (Record no. 79192)
[ view plain ]
| 000 -LEADER | |
|---|---|
| campo de control de longitud fija | 00889nam a2200193 i 4500 |
| 001 - NÚMERO DE CONTROL | |
| campo de control | 79192 |
| 003 - IDENTIFICADOR DE NÚMERO DE CONTROL | |
| campo de control | ES-MaACL |
| 005 - FECHA Y HORA DE LA ÚLTIMA TRANSACCIÓN | |
| campo de control | 20230906173926.0 |
| 007 - CAMPO FIJO DE DESCRIPCIÓN FÍSICA--INFORMACIÓN GENERAL | |
| campo de control de longitud fija | t| |
| 008 - DATOS DE LONGITUD FIJA--INFORMACIÓN GENERAL | |
| campo de control de longitud fija | 041020q1979 sp ||||1| spa d |
| 100 1# - ENTRADA PRINCIPAL--NOMBRE DE PERSONA | |
| Nombre de persona | Hernández Juan, Diego. |
| 9 (RLIN) | 62974 |
| 245 10 - MENCIÓN DEL TÍTULO | |
| Título | Diccionario de formularios generales |
| Resto del título | : legislación y jurisprudencia / |
| Mención de responsabilidad, etc. | Diego Hernández Juan, Alejandro Rodríguez Seguí. |
| 260 ## - PUBLICACIÓN, DISTRIBUCIÓN, ETC. | |
| Lugar de publicación, distribución, etc. | [S.l. : |
| Nombre del editor, distribuidor, etc. | s.n., |
| Fecha de publicación, distribución, etc. | 1979-] |
| 300 ## - DESCRIPCIÓN FÍSICA | |
| Extensión | 16 v. ; |
| Dimensiones | 22 cm. |
| 505 8# - NOTA DE CONTENIDO CON FORMATO | |
| Nota de contenido con formato | Contiene: T.1: A-APP. -- T.2: APR-AZ. -- T.3: B-CIE. -- T.4: CIF-COM. -- T.5: COM-CON. -- T.6: CON-CUE. -- T.7: CUE-DEL. -- T.8: DEL-DEP. -- T.9: DERECHOS. -- T.10: DER-DIL. -- T.11: DIM-EDA. -- T.12: EDI-EMB. -- T.13: EMB-ERO. -- T.14: ERR-ESTA. -- T.15: ESTE-EXP |
| 650 04 - PUNTO DE ACCESO ADICIONAL DE MATERIA--TÉRMINO DE MATERIA | |
| Término de materia o nombre geográfico como elemento de entrada | Derecho- |
| Subdivisión geográfica | España- |
| Subdivisión de forma | Diccionarios. |
| 9 (RLIN) | 11612 |
| 700 1# - ENTRADA AGREGADA--NOMBRE PERSONAL | |
| Nombre de persona | Rodríguez Seguí, Alejandro. |
| 9 (RLIN) | 98817 |
| 852 ## - LOCALIZACIÓN | |
| Ubicación | ES-MaACL |
| Número de control de estantería | P-549 |
| Sublocalización o colección | R.106708 |
| Estatus retirado | Estado de pérdida | Estado de daño | No para préstamo | Colección | Biblioteca de origen | Biblioteca actual | Ubicación en estantería | Fecha de adquisición | Fuente de adquisición | Total de préstamos | Signatura topográfica completa | Código de barras | Visto por última vez | Precio de reemplazo | Tipo de ítem Koha |
|---|---|---|---|---|---|---|---|---|---|---|---|---|---|---|---|
| Colección de referencia | Biblioteca del Ateneo de Madrid | Biblioteca del Ateneo de Madrid | Depósito 2 | 17/01/2008 | P-549 | 1082819 | 23/02/2023 | 23/02/2023 | Libro impreso |
